|
|
|
|
| LEADER |
01159nam a2200301 a 4500 |
| 001 |
1556 |
| 003 |
BD-DhAAL |
| 005 |
20150322113733.0 |
| 008 |
150322s1992 ii b 001 0 eng |
| 010 |
|
|
|a 91042960
|
| 020 |
|
|
|a 8170362733 (India)
|
| 020 |
|
|
|a 0803994214 (US)
|
| 040 |
|
|
|a DLC
|c DLC
|d DLC
|d BD-DhAAL
|
| 050 |
0 |
0 |
|a HF4055
|b .S67 1992
|
| 082 |
0 |
0 |
|a 382/.3/091724
|2 20
|
| 245 |
0 |
0 |
|a South-South trade preferences :
|b the GSTP and trade in manufactures /
|c edited by Hans Linnemann.
|
| 260 |
|
|
|a New Delhi ;
|a Newbury Park, Calif. :
|b Sage,
|c 1992.
|
| 300 |
|
|
|a 236 p. ;
|c 24 cm.
|
| 490 |
|
|
|a Indo-Dutch studies on development alternatives ;
|v 9
|
| 504 |
|
|
|a Includes bibliographical references and index.
|
| 541 |
|
|
|e 1556
|
| 650 |
|
0 |
|a Manufacturing industries
|z Developing countries.
|9 10013
|
| 650 |
|
0 |
|a Economic development.
|9 10014
|
| 651 |
|
0 |
|a Developing countries
|x Commerce.
|9 10015
|
| 700 |
1 |
|
|a Linnemann, Hans.
|9 10016
|
| 942 |
|
|
|2 ddc
|c BK
|
| 999 |
|
|
|c 34133
|d 34133
|
| 952 |
|
|
|0 0
|1 0
|2 ddc
|4 0
|6 382_309172400000000_SOU
|7 0
|9 53264
|a SCL
|b SCL
|c GEN
|d 2015-03-22
|e Gift: The Asia Foundation
|l 0
|o 382.3091724 SOU
|p 3020001556
|r 2015-03-22
|t 1
|w 2015-03-22
|y BK
|